Wrestling Observer Best TV Commentator - Statistics

General Stats
  • This quiz has been taken 139 times
    60 since last reset
  • The average score is 26 of 44
Answer Stats
Year Promotion Non-Wrestler % Correct
2012 WWE Jim Ross
96%
2009 WWE Jim Ross
96%
2007 WWE Jim Ross
96%
2006 WWE Jim Ross
96%
2001 WWF Jim Ross
96%
2000 WWF Jim Ross
96%
1999 WWF Jim Ross
96%
1998 WWF Jim Ross
96%
1993 WCW/WWF Jim Ross
96%
1992 WCW Jim Ross
96%
1991 WCW Jim Ross
96%
1990 WCW Jim Ross
96%
1989 WCW Jim Ross
96%
1988 WCW Jim Ross
96%
2023 AEW Excalibur
71%
2021 AEW Excalibur
71%
2020 AEW Excalibur
71%
1996 ECW Joey Styles
65%
1995 ECW Joey Styles
65%
1994 ECW Joey Styles
65%
2022 NJPW Kevin Kelly
47%
2019 NJPW Kevin Kelly
47%
2018 NJPW Kevin Kelly
47%
2017 WWE/Bellator Mauro Ranallo
47%
2016 WWE Mauro Ranallo
47%
2015 NJPW Mauro Ranallo
47%
2005 TNA Mike Tenay
47%
2004 TNA Mike Tenay
47%
2003 TNA Mike Tenay
47%
2002 TNA Mike Tenay
47%
1997 WCW Mike Tenay
47%
2011 UFC Joe Rogan
43%
2010 UFC Joe Rogan
43%
1983 NWA Gordon Solie
41%
1982 NWA Gordon Solie
41%
1981 NWA Gordon Solie
41%
2024 AEW Nigel McGuinness
35%
2008 WWE Matt Striker
24%
2014 WWE William Regal
16%
2013 WWE William Regal
16%
1987 CWA Lance Russell
12%
1986 CWA Lance Russell
12%
1985 CWA Lance Russell
12%
1984 CWA Lance Russell
12%
No matching quizzes found
Score Distribution
Percent of People with Each Score
Percentile by Number Answered
Your Score History
You have not taken this quiz since the last reset